IF NOT FOR YOU - Måneskin (all lyrics) - Statistics

General Stats
  • This quiz has been taken 20 times
  • The average score is 128 of 162
Answer Stats
Answer % Correct
for
100%
I
100%
If
100%
if
100%
no
100%
No
100%
not
100%
Not
100%
you
100%
you, ooh-ooh
100%
a
93%
be
93%
the
93%
would
87%
could
80%
love
80%
anymore (Da-ba-ra-ba-ra, ta-ta, da-ba-ra-ba-ra)
73%
Billy
73%
door
73%
Jean
73%
my
73%
sing
73%
How
67%
knockin
67%
mine
67%
more
67%
Nirvana
67%
on
67%
spring
67%
summer
67%
There'll
67%
were
67%
All
60%
couldn't
60%
dancin
60%
fade
60%
floor (Da-ba-ra-ba-ra, ta-pa)
60%
flowers
60%
just
60%
of
60%
out
60%
parties
60%
Shut
60%
sleep
60%
them
60%
this
60%
those
60%
wouldn't
60%
Bars
53%
drinks
53%
get
53%
hell
53%
lights
53%
off
53%
someone
53%
sound
53%
up
53%
wake
53%
with
53%
down
47%
gone
47%
music
47%
without
47%
crowds
40%
Thornes
20%
No matching quizzes found
Score Distribution
Percent of People with Each Score
Percentile by Number Answered
Your Score History
You have not taken this quiz